Novela zákona o zdravotnom poistení v praxi

Novela zákona o zdravotnom poistení - zákon č. 718/2004 Z.z.- odstránila základné legislatívno-technické nedostatky zákona č. 580/2004 Z.z. o zdravotnom poistení. Účinnosť k 1. 1. 2005. Spôsob vykazovania preddavkov v zmysle vyhlášky MZ SR, príklady a otázky súvisiace s platením preddavkov a poistné...

Ausführliche Beschreibung

Gespeichert in:
Bibliographische Detailangaben
1. Verfasser: Strýčková, Jolana
Format: Buchkapitel
Sprache:Slowakisch
Schlagworte:
Tags: Tag hinzufügen
Keine Tags, Fügen Sie das erste Tag hinzu!

MARC

LEADER 00000naa$a2200000$$$4500
001 0027533
005 20231114083225.2
041 0 |a slo 
044 |a SK 
245 1 0 |a Novela zákona o zdravotnom poistení v praxi  |c Jolana Strýčková 
520 |a Novela zákona o zdravotnom poistení - zákon č. 718/2004 Z.z.- odstránila základné legislatívno-technické nedostatky zákona č. 580/2004 Z.z. o zdravotnom poistení. Účinnosť k 1. 1. 2005. Spôsob vykazovania preddavkov v zmysle vyhlášky MZ SR, príklady a otázky súvisiace s platením preddavkov a poistného. 
610 2 0 |a poistenie zdravotné 
610 2 0 |a preddavky 
610 2 0 |a poistné 
610 2 0 |a zákony 
610 2 0 |a novelizácia 
610 2 0 |a Slovensko 
610 2 0 |a 2004 
100 1 |a Strýčková, Jolana